Statistiche per Scuderie con almeno un Giro veloce in più stagioni di Formula 1

Clicka qui per fare il quiz!

Statistiche generali

  • Questo quiz è stato fatto 13 volte
  • Il punteggio medio è 8 su 9

Statistiche sulle risposte

NazioneStagioni consecutive con giro velocePrima stagione con giro veloceUltima stagione con giro veloceScuderia% Corretto
Italia1719952011Ferrari
100%
Germania1220122023Mercedes
100%
Regno Unito1520092023Red Bull
100%
Regno Unito1319851997Williams
100%
Regno Unito1319811993McLaren
92%
Regno Unito1219972008McLaren
92%
Regno Unito819701977McLaren
92%
Regno Unito919901198Benetton
42%
Regno Unito819771984Brabham
42%

Distribuzione punteggi

Percentile per numero di risposta

Percentuale di utenti per punteggio

I tuoi punteggi nel tempo

Non hai fatto questo quiz